Dane Cook Filmography - Statistics

General Stats
  • This quiz has been taken 9 times
    3 since last reset
  • The average score is 43 of 64
Answer Stats
Type Year Name % Correct
Film 2013 Planes
100%
Video Game 2013 Planes
100%
Film 2015 400 Days
67%
Short Film 2003 8 Guys
67%
Music Video 1999 All Star
67%
Film 2019 American Exit
67%
TV Show 2017 American Gods
67%
Short Film 2019 American Typecast
67%
Film 2011 Answers to Nothing
67%
Film TBA Boris Is Dead
67%
Film 1997 Buddy
67%
TV Film 2004 Channel Surfing
67%
TV Show 2014 Comedy Bang! Bang!
67%
TV Show 2000 Comedy Central Presents
67%
TV Film 2005 Cooked
67%
TV Show 2002, 2003, 2007 Crank Yankers
67%
Documentary 2009 Dane Cook, 30 Premeditated Acts
67%
Stand-Up Special 2022 Dane Cook: Above It All
67%
Stand-Up Special 2009 Dane Cook: Isolated Incident
67%
Stand-Up Special 2007 Dane Cook: Rough Around the Edges
67%
Stand-Up Special 2014 Dane Cook: Troublemaker
67%
Stand-Up Special 2006 Dane Cook: Vicious Circle
67%
Film 2007 Dan in Real Life
67%
Film 2011 Detention
67%
TV Show 2005 Duck Dodgers
67%
Film 2006 Employee of the Month
67%
Film 2006 Farce of the Penguins
67%
Film 1999 Flypaper
67%
TV Show 2004 Good Girls Don't...
67%
Film 2007 Good Luck Chuck
67%
Video Game 2013 Grand Theft Auto V
67%
Film 2012 Guns, Girls and Gambling
67%
Film TBA Guys Night
67%
TV Show 2011 Hawaii Five-0
67%
TV Short 2004 Humor Me
67%
TV Show 1999-2001 Late Show with David Letterman
67%
Film 2002 L.A.X.
67%
Film 2005 London
67%
TV Show 2011 Louie
67%
TV Show 1995-1996 Maybe This Time
67%
Film 2004 Mr. 3000
67%
Film 2007 Mr. Brooks
67%
Film 2008 My Best Friend's Girl
67%
Film 1999 Mystery Men
67%
TV Show 2012-2013 Next Caller
67%
Film 2014 Planes: Fire & Rescue
67%
Video Game 2014 Planes: Fire & Rescue
67%
TV Show 2018 Robot Chicken
67%
Film 1999 Simon Sez
67%
Short Film 1999 Spiral
67%
Film 2003 Stuck on You
67%
TV Show 1998 Suddenly Susan
67%
Documentary 2018 The American Meme
67%
Theater 2012 The Producers
67%
Film 2012 The Producers
67%
Award Show 2006 The Teen Choice Awards 2006
67%
Film 2002 The Touch
67%
Film 2004 Torque
67%
Short Film 2014 Vitaminamulch: Air Spectacular
67%
Film 2005 Waiting...
67%
TV Documentary 2003 Windy City Heat
67%
TV Show 2016 Workaholics
67%
TV Show 2008, 2010 American Idol
33%
TV Show 2005, 2006 Saturday Night Live
33%
No matching quizzes found
Score Distribution
Percent of People with Each Score
Percentile by Number Answered
Your Score History
You have not taken this quiz since the last reset